[Event "Bundesliga 0405"]
[Site "Germany"]
[Date "2005.03.12"]
[Round "12.3"]
[White "Efimenko, Zahar"]
[Black "Sokolov, Ivan"]
[Result "1/2-1/2"]
[WhiteElo "2594"]
[BlackElo "2663"]
[Annotator "Postny,E"]
[PlyCount "68"]
[EventDate "2004.11.12"]
[EventType "team-tourn"]
[EventRounds "15"]
[EventCountry "GER"]
[SourceTitle "CBM 106"]
[Source "ChessBase"]
[SourceDate "2005.06.06"]
[SourceVersion "1"]
[SourceVersionDate "2005.06.06"]
[SourceQuality "1"]
[WhiteTeam "Werder Bremen"]
[BlackTeam "Porz"]
[WhiteTeamCountry "GER"]
[BlackTeamCountry "GER"]

1. e4 e5 2. Nf3 Nc6 3. Bb5 a6 4. Ba4 Nf6 5. O-O Nxe4 6. d4 b5 7. Bb3 d5 8. dxe5
Be6 9. Nbd2 Nc5 10. c3 Bg4 ({White got small advantage after} 10... d4 11. Bxe6
({Leads to almost forced draw:} 11. Ng5 {1/2-1/2 Shirov,A-Anand,V/Mainz 2004/
CBM 103 [Postny,E] (42)}) 11... Nxe6 12. cxd4 Ncxd4 13. a4 {1/2-1/2 Shirov,
A-Anand,V/Mainz 2004/CBM 103 [Postny,E] (43)}) 11. Bc2 Ne6 {In this line black
is intending to develop his dark-squared bishop to c5.} (11... Qd7 12. Re1 Ne6
13. a4 b4 14. Nb3 bxc3 15. bxc3 Be7 {0-1 Cuijpers,F-Sokolov,I/Wijk aan Zee
2002/CBM 87 [Postny,E] (33)}) (11... Be7 {- The main line.}) 12. Re1 Bc5 13.
Nb3 ({Other typical plan for white goes with} 13. Nf1 {1-0 Grischuk,A-Piket,J/
Wijk aan Zee 2002/CBM 87 [Postny,E] (53)}) 13... Ba7 14. a4 Ne7 $146 {A
logical move. Black is preparing c7-c5 getting control in the centre.} (14...
b4 15. Qd3 (15. Be3 bxc3 16. bxc3 Bxe3 17. Rxe3 Ne7 18. Nbd4 c5 19. Nxe6 fxe6
20. a5 Nf5 21. Ba4+ Kf7 $13 {1-0 Volokitin,A-Flear,G/Saint Vincent 2002/CBM
086 ext (42)}) 15... Bh5 16. Nfd4 Bxd4 17. cxd4 Bg6 18. Qd1 Bxc2 19. Qxc2 Ncxd4
20. Nxd4 Nxd4 21. Qc5 Ne6 22. Qc6+ Ke7 23. Be3 d4 24. Bxd4 Nxd4 25. Qc5+ Ke6
26. Rad1 Qd5 27. Qxd4 Qxd4 28. Rxd4 Rhd8 29. Rxb4 $14 {1/2-1/2 Lutz,C-Jussupow,
A/Germany 1996/GER-chT (54)}) 15. Be3 $6 {Not the best way to meet black's
novelty.} (15. axb5 axb5 16. Qd3 {[%csl Rb5]} c6 17. Nfd4 Bxd4 18. cxd4 Rxa1
19. Nxa1 Bf5 20. Qc3 Bxc2 21. Nxc2 O-O 22. b3 {[%cal Gc1a3] and white is
slightly better.}) 15... Bxe3 16. Rxe3 c5 {Black seems to be OK now.} 17. Qb1
$6 {White is running away out of the pin along the h5-d1 diagonal and taking
control over the b1-h7 diagonal. However, this move is too much odd-looking to
be good.} (17. h3 {was more natural move.}) 17... b4 $1 {This strong move was
probably underestimated by Efimenko.} (17... d4 18. cxd4 cxd4 19. Rd3 Nf4 20.
Nfxd4 $1 Nxd3 21. Bxd3 $44) 18. Nh4 (18. cxb4 d4 19. Rd3 Nf4 20. bxc5 Nxd3 21.
Bxd3 Bxf3 22. gxf3 Ng6 $17) 18... bxc3 {18...c4 was possible as well, but
Sokolov goes for more tempting play.} (18... c4 19. Nd2 b3 20. Bf5 Nxf5 21.
Nxf5 Bxf5 22. Qxf5 Qg5 $15) 19. bxc3 Rb8 20. Qe1 (20. Rg3 h5 $1 {and white is
in trouble.}) 20... d4 $1 {From the first sight it looks risky for black to
open the centre with the uncastled king. But, in fact this is the right moment
for central breakthrow, as black's pieces are much harmoniously placed than
the white ones.} 21. Rg3 (21. cxd4 $2 Nd5 {[%csl Re3,Rh4]}) 21... h5 22. cxd4 (
22. h3 Nd5 $17 {[%csl Rh4]}) 22... cxd4 23. h3 g5 $1 24. Ng6 $1 (24. hxg4 gxh4
{is bad for white.}) 24... Nxg6 25. Bxg6 fxg6 26. hxg4 hxg4 {Opening the "h"
file for the rook.} (26... d3 $6 27. Qe4 $1 Rxb3 28. Qxg6+ Ke7 29. Qf6+ (29.
Rd1 $6 Rf8 30. Rgxd3 Rxd3 31. Rxd3 Qc8) 29... Kd7 30. Qf5 {and white has
serious compensation for the sacrificed piece, since black's king is wandering
in the centre.}) 27. Qe4 Nf4 28. Rd1 (28. Nxd4 $4 Qxd4 29. Qxd4 Ne2+ $19) (28.
Qc6+ Kf8 29. Qc5+ Kg7 30. Qa7+ Kh6 {and the king escapes, while black's
threats are very dangerous.}) 28... Qc7 (28... Rc8 $6 29. Rxg4 Qd7 30. Rxf4 Qh7
31. Rh4 $1 gxh4 32. Rxd4 {and white is fine.}) 29. Nxd4 Rd8 {Threatening 30...
Rxd4!} 30. Rgd3 $1 {The only move that saves white.} Nxd3 (30... g3 $5 31. fxg3
Nxd3 32. Qxg6+ Qf7 33. Qc6+ Ke7 34. Qc7+ (34. Rxd3 $4 {[%tqu "En","Can you see
the forced mate?","","","h8h1","The point of 30...g3.",4]} Rh1+ $1 {The point
of 30...g3.} 35. Kxh1 Qf1+ 36. Kh2 Rh8+ {mating.}) 34... Ke8 35. Qc6+ $11) 31.
Qxg6+ Qf7 32. Qc6+ Qd7 {Black can not avoid the perpetual check.} (32... Ke7
33. Rxd3 Qh7 34. Qe6+ Kf8 35. Qf6+ Ke8 {leads to perpetual as well.}) 33. Qg6+
Qf7 34. Qc6+ Qd7 1/2-1/2

[Event "Goodricke op 13th"]
[Site "Kolkata"]
[Date "2002.03.23"]
[Round "7"]
[White "Kotsur, Pavel"]
[Black "Sorokin, Maxim"]
[Result "1/2-1/2"]
[WhiteElo "2578"]
[BlackElo "2551"]
[Annotator "Postny,E"]
[PlyCount "88"]
[EventDate "2002.03.17"]
[EventType "swiss"]
[EventRounds "11"]
[EventCountry "IND"]
[SourceTitle "CBM 088"]
[Source "ChessBase"]
[SourceDate "2002.03.21"]
[SourceVersion "1"]
[SourceVersionDate "2002.03.21"]
[SourceQuality "1"]

1. e4 e5 2. Nf3 Nc6 3. Bb5 a6 4. Ba4 Nf6 5. O-O Nxe4 6. d4 b5 7. Bb3 d5 8. dxe5
Be6 9. Nbd2 Be7 {Usually black plays 9...Nc5 first and after 10.c3 Be7 in
order to reduce white's options.} 10. c3 ({Another option, which possible with
this order of moves is:} 10. Nxe4 dxe4 11. Bxe6 fxe6 12. Ng5 Qxd1 (12... Bxg5
13. Qh5+ g6 14. Qxg5 O-O 15. Qg4 Qd5 16. Re1 Rf5 17. Bh6 $36 {1-0 Geller,
E-Krasenkow,M/Cappelle la Grande 1992/EXT 97 (26)}) (12... Qd5 13. Qh5+ g6 14.
Qh3 (14. Qg4 Bxg5 15. Bxg5 Nxe5 16. Qg3 Nf7 17. Bf6 O-O 18. Rad1 Qf5 19. Be7
Rfc8 20. b4 $36 {1-0 Geller,E-Unzicker,W/Bern 1987/EXT 97 (35)}) 14... Nd4 15.
c3 Nf5 16. Re1 Bxg5 17. Bxg5 Qxe5 18. Rad1 $14 {1-0 Almasi,Z-Unzicker,W/
Germany 1997/GER-chT (32)}) 13. Rxd1 Bxg5 14. Bxg5 Rf8 15. Bh4 {+/=/= 1/2-1/2
Sax,G-Tarjan,J/Hastings 1977/MCD (42)}) 10... Nc5 11. Bc2 Bg4 12. Re1 O-O 13.
Nf1 Re8 14. Ne3 ({The main alternative is} 14. h3) 14... Bxf3 {In my Database
I found only one game, where black continued this way.} (14... Nxe5 {- is more
popular option in the position. For example see the game Leko,P-Kortschnoj,V
Ubeda 1997/CBM 58 [Kortschnoj]}) 15. Qxf3 Nxe5 16. Qf5 Ned3 $5 $146 (16... Ng6
17. Nxd5 Bd6 18. Rxe8+ Qxe8 19. Be3 Ne6 20. Rd1 Rd8 21. g3 c6 22. Nb4 Bxb4 23.
Rxd8 Qxd8 24. cxb4 $14 {1-0 Adams,M-Garcia,G/New York 1995/CBM 47 ext (56)})
17. Ng4 ({The main idea of black's last move, is that after} 17. Bxd3 g6 {
[%csl Rd3,Rf5]} 18. Qxd5 Nxd3 $11 {black is far from opening problems.}) ({
An interesting, but incorrect tactical option is} 17. Nxd5 $6 g6 18. Rxe7 Rxe7
(18... gxf5 $2 19. Rxe8+ Qxe8 20. Nf6+ Kg7 21. Nxe8+ Rxe8 22. Be3 $16) 19.
Nxe7+ Qxe7 20. Bg5 Qe2 $15) 17... Qc8 $8 (17... g6 $2 18. Nh6+ Kh8 19. Nxf7+
Kg8 (19... Kg7 20. Bh6+ Kg8 21. Qg4 Qd7 22. Qd4 Bf6 23. Qxf6 Rxe1+ 24. Rxe1
Qxf7 25. Qxf7+ Kxf7 26. Rd1 Nxb2 27. Rxd5 $16) 20. Nh6+ Kh8 21. Be3 $1 gxf5 22.
Bd4+ $40) 18. Bxd3 Nxd3 19. Nh6+ $1 gxh6 20. Qxd3 Bd6 21. Bxh6 {White regained
the pawn and has the initiative. Black's K is not safe. However it is hard to
exploit black's K vulnerability, because of lack of attacking pieces.} Re6 22.
Bd2 (22. Be3 Qd7 23. Re2 (23. Qf5 $2 Bxh2+ $17 {[%csl Gd7,Rf5][%cal Re6h6]})
23... c6 (23... Rae8 24. Qf5) 24. Rae1 Rae8 25. Qf5 f6 {[%cal Yd7g7,Yd7f7]
with reasonable position.}) 22... Qd7 23. g3 c6 24. Qf3 Rae8 25. Qg4+ Kh8 26.
Kg2 Bf8 27. a4 Bg7 {Black has successfully regrouped his pieces to better
squares. The Bg7 protects the black K from any possible danger. The position
is about equal.} 28. axb5 axb5 29. Be3 R6e7 $11 30. Qxd7 Rxd7 31. Bd4 (31. Bc5
$5) 31... Rdd8 32. Kf3 b4 33. Re3 bxc3 34. bxc3 Rxe3+ 35. Kxe3 Re8+ {The
forthcoming RR endgame is completely equal. White can not make use his
centralized K.} 36. Kd3 Bxd4 37. cxd4 Kg7 38. Ra7 Re1 39. Rc7 Rd1+ {[%csl Rd4]}
40. Ke3 Re1+ 41. Kd2 Rf1 42. Ke2 Rc1 43. h4 h5 44. Kf3 Kg6 1/2-1/2

[Event "EU-chT (Men) 14th"]
[Site "Plovdiv"]
[Date "2003.10.11"]
[Round "1.3"]
[White "Sokolov, Andrei"]
[Black "Flear, Glenn C"]
[Result "1-0"]
[WhiteElo "2584"]
[BlackElo "2516"]
[Annotator "Postny,E"]
[PlyCount "67"]
[EventDate "2003.10.10"]
[EventType "team-swiss"]
[EventRounds "9"]
[EventCountry "BUL"]
[SourceTitle "CBM 098"]
[Source "ChessBase"]
[SourceDate "2004.02.03"]
[SourceVersion "1"]
[SourceVersionDate "2004.02.03"]
[SourceQuality "1"]
[WhiteTeam "France"]
[BlackTeam "England"]
[WhiteTeamCountry "FRA"]
[BlackTeamCountry "ENG"]

1. e4 e5 2. Nf3 Nc6 3. Bb5 a6 4. Ba4 Nf6 5. O-O Nxe4 6. d4 b5 7. Bb3 d5 8. dxe5
Be6 9. c3 Bc5 10. Qd3 {This move is not so popular nowadays, but demands
accurate play from black.} ({The main line goes with} 10. Nbd2) 10... O-O 11.
Nbd2 (11. Be3 {- 1/2-1/2 Kamsky,G-Anand,V/Las Palmas 1995/CBM 46 [Anand] (50)})
11... f5 (11... Nxd2 12. Bxd2 Ne7 13. Nd4 Bb6 14. a4 $14 {1-0 Yurtaev,
L-Thipsay,P/Frunze 1985/MCD (26)}) 12. exf6 Nxf6 13. a4 {This line is
frequently used by A.Sokolov with success.} (13. Ng5 Ne5 14. Qg3 Qd6 15. Bc2
Bd7 16. Nb3 Bb6 17. Nd4 Rae8 18. Bf4 Nh5 19. Bxe5 Rxe5 20. Bxh7+ Kh8 21. Qh4 g6
22. f4 Bxd4+ 23. cxd4 Ref5 24. g3 Kg7 25. Rae1 Nxf4 26. gxf4 Rxf4 27. Rxf4 Rxf4
28. Re7+ Kf8 29. Re8+ Kxe8 30. Bxg6+ Ke7 31. Qh7+ Kf6 32. Qh6 Rg4+ 33. Kh1 Qf4
34. Bh5+ Ke7 35. Qg7+ Kd6 36. Qg6+ Ke7 37. Qg7+ Kd6 38. Qg6+ {1/2-1/2
Khalifman,A-Kaidanov,G/Kujbyshev 1986/MCL (38)}) 13... Rb8 (13... Bf7 14. Ng5
Ne5 15. Qg3 Qd6 16. Nxf7 Nxf7 17. Nf3 Qxg3 18. hxg3 c6 19. Nd4 Bxd4 20. cxd4
$14 {1/2-1/2 Sokolov,A-Jussupow,A/Tilburg 1987/CBM 04 (64)}) 14. axb5 axb5 15.
Ra6 (15. Ng5 Ne5 (15... Qd6 16. Bc2 g6 17. Nxe6 Ng4 18. Qg3 Qxe6 19. Nf3 Rbe8
20. Bd2 Bd6 {1/2-1/2 Sokolov,A-Skembris,S/Bar 1997/CBM 63 (20)}) 16. Qg3 Qd6
17. Bc2 Bd7 18. Nb3 Bb6 19. Bf4 Rbe8 20. Nd4 Nh5 21. Bxe5 Rxe5 22. Bxh7+ Kh8
23. Qh4 g6 (23... Qh6 $6 24. Ndf3 Ree8 25. Rfe1 Rxe1+ 26. Rxe1 $14 {1-0
Sokolov,A-Timman,J/Belfort 1988/CBM 08 (61)}) 24. f4 Rxg5 (24... Ref5 25. Bxg6
{1/2-1/2 Sax,G-Flear,G/Athens 1999/EXT 2000 (25)}) 25. Qxg5 Kxh7 26. Rae1 (26.
f5 $1 {Timman}) 26... Ng7 27. Kh1 Bxd4 28. cxd4 Bf5 $17 {0-1 Sokolov,A-Timman,
J/Reykjavik 1988/CBM 10 (48)}) 15... Qd7 16. Ng5 Bb6 (16... Bf5 17. Nde4 Ne7 (
17... Bb6 $2 18. Nxf6+ Rxf6 19. Qxd5+ Qxd5 20. Bxd5+ $16 {1/2-1/2 Ivanchuk,
V-Kamsky,G/Monte Carlo 1995/CBM 46 ext (90)}) 18. Nxc5 Bxd3 19. Nxd7 Nxd7 20.
Re1 Nc5 21. Rxe7 Nxb3 22. Be3 $14 {1/2-1/2 Gorokhovsky,B-Wiesinger,J/ICCF 1996/
ICCF Telechess (32)}) 17. Nxe6 Qxe6 18. Ne4 Qxe4 $2 $146 {This move should not
be repeated again. Grandmaster Flear has a lot of experience in Open Spanish,
so it's unlikely that this line is unfamiliar for him. Probably Flear simply
forgot to make the only move 18...Kh8...} (18... Kh8 19. Nxf6 Qxf6 20. Bc2 Qh4
21. g3 Qh3 22. Qxd5 Ne5 23. Bf4 Rxf4 24. Rxb6 cxb6 25. Qxe5 Rff8 26. Qxb5 $11 {
1/2-1/2 Van der Wiel,J-Mikhalevski,V/Leeuwarden 1995/EXT 97 (61)}) 19. Qxe4
Nxe4 20. Bxd5+ Kh8 21. Bxe4 $18 {As a result of black's novelty, white is just
a clear pawn up.} Ne5 22. Be3 {This move kills black's counterplay against
white's weak spot f2.} Bxe3 23. fxe3 Rxf1+ 24. Kxf1 Nc4 25. Ke2 Nxb2 (25... Re8
{is threatening nothing because of weakness of black's 8th rank.}) 26. Rc6 g6
27. Rxc7 b4 28. cxb4 Rxb4 29. Bd5 {Despite the reduced material white is
winning easily using his passed pawn and the disharmony of black's pieces. The
black king is also in danger.} Na4 30. e4 Nb6 31. Ke3 g5 (31... Nxd5+ 32. exd5
$18 {[%csl Gd5]}) 32. Be6 h6 33. Kf3 Na4 34. Kg4 1-0

[Event "SUI-GER m"]
[Site "Zuerich"]
[Date "2002.09.08"]
[Round "2"]
[White "Naiditsch, Arkadij"]
[Black "Kortschnoj, Viktor Lvovich"]
[Result "0-1"]
[WhiteElo "2581"]
[BlackElo "2626"]
[Annotator "Postny,E"]
[PlyCount "62"]
[EventDate "2002.09.07"]
[EventType "match"]
[EventRounds "2"]
[EventCountry "SUI"]
[SourceTitle "CBM 091"]
[Source "ChessBase"]
[SourceDate "2002.11.12"]
[SourceVersion "1"]
[SourceVersionDate "2002.11.12"]
[SourceQuality "1"]

1. e4 e5 2. Nf3 Nc6 3. Bb5 Nf6 4. O-O Nxe4 5. d4 a6 6. Ba4 b5 7. Bb3 d5 8. dxe5
Be6 9. Nbd2 Nc5 10. c3 Bg4 11. Bc2 Be7 12. Re1 O-O {Another common possibility
is 12...Qd7, following by 13...Rd8.} 13. Nb3 ({The main alternative is} 13. Nf1
) 13... Ne6 (13... Ne4 {- Almasi,Z-Kortschnoj,V/Linz 1997/CBM 59/1-0 (33) 
[Mikhalevski,V]}) (13... Re8 {- Topalov,V-Sokolov,I/Antwerpen 1997/CBM 61/1/
2-1/2 (36) [Mikhalevski,V]}) 14. Nbd4 $2 {[%mdl 16384] After this move white
is already worse! The main and the right move is 14.Qd3.} (14. Qd3 g6 15. Bh6 (
15. Nfd4 Ncxd4 16. Nxd4 Qd7 (16... Nxd4 17. cxd4 c5 18. Qg3 Qd7 19. dxc5 Bxc5
20. Bg5 Rfe8 21. Bf6 $14 {1-0 Chandler,M-Wedberg,T/Haninge 1988/CBM 08 (36)})
17. Bh6 Rfd8 18. Qg3 Nxd4 19. cxd4 Rac8 20. a4 Bf5 {1/2-1/2 Ramesh,
R-Mikhalevski,V/Biel 2001/CBM 83 ext (20)}) 15... Re8 16. Rad1 (16. Qe3 Bf8 17.
Nfd4 Ncxd4 18. cxd4 Bb4 19. Qg3 Bxe1 20. Rxe1 Bh5 21. Bf5 Ng7 22. Bxg7 Kxg7 23.
Nc5 $44 {1/2-1/2 Milos,G-Garcia,G/Bogota 1992/EXT 97 (33)}) 16... Bf5 17. Qd2
Bxc2 18. Qxc2 Qd7 19. Rd3 Rad8 20. h3 Bf8 21. Qd2 Ne7 22. Bxf8 Rxf8 23. Nfd4
Qc8 24. Qe3 $14 {1/2-1/2 Geller,E-Unzicker,W/Bad Woerishofen 1991 (45)}) 14...
Ncxd4 15. cxd4 g6 $1 $146 {[%csl Rd4,Ge6][%mdl 8] A good prophylactic move,
which greatly restricts white's attacking possibilities on the kingside. On
top of that white has a serious problems with Pd4.} (15... c5 $6 16. Be3 (16.
dxc5 $142) 16... c4 17. b3 Rb8 18. Rb1 Qc7 $15 {0-1 Spencer,E-Silvanus/Bromley
1920/EXT 2002 (30)}) 16. Be3 $6 {This seemingly "natural" move helps black to
increase his advantage.} (16. Bh6 Re8 $1 (16... Bxf3 $6 17. Qxf3 (17. gxf3 $2
Re8 $17) 17... Nxd4 18. Qc3 Nxc2 19. e6 $1 Bf6 20. Qxc2 Re8 21. exf7+ Kxf7 22.
Rxe8 Qxe8 (22... Kxe8 23. Qc6+ Kf7 24. Rd1 $36) 23. Qxc7+ $13) 17. Be3 f5 $15
18. Qd2 Bxf3 19. gxf3 Bf8 {[%cal Yd8h4] Black has an advantage, but less, than
after the move in the text.}) (16. Re3 $5 {Such an awkward move can be
considered, since white's position is inferior in any case.} Ng5 17. Rc3 $15)
16... f5 $1 $17 {[%mdl 32] Using his enormous experience, specifically in this
opening variation, Kortschnoj immediatly spots the weak link in white's plan.}
17. Qd3 $6 (17. Bb3 {[%csl Rd5]} f4 18. Bc1 c6 $17 {[%csl Rd4,Ge6][%cal Rg4f3]}
) (17. h3 Bxf3 18. gxf3 $17 (18. Qxf3 $6 f4 19. Qg4 Qc8 {[%csl Rd4]})) 17... f4
18. Bd2 {[%tqu "En","Find the best move for black.","","","c7c5","After this
move, white's position is collapsing.",8]} c5 $1 {After this move, white's
position is just collapsing.} 19. Bd1 (19. dxc5 Bf5 20. Qc3 b4 $19) 19... c4
20. Qc3 b4 21. Qc1 Bxf3 22. Bxf3 Nxd4 {It's clear, that white has been
completely outplayed. It's curious, that this happened in the course of very
few moves.} 23. Bxf4 Nxf3+ 24. gxf3 Rc8 $19 {Preparing the advance of the "d"
pawn.} 25. e6 d4 {The rest of the game is an agony.} 26. Be5 Rf5 27. Qd2 (27.
Qh6 Bf6 $19) 27... d3 28. Rad1 c3 29. bxc3 Rxe5 30. Rxe5 bxc3 31. Qf4 c2 0-1

[Event "St Petersburg-ch"]
[Site "St Petersburg"]
[Date "2002.04.19"]
[Round "4"]
[White "Ivanov, Sergey"]
[Black "Yemelin, Vasily"]
[Result "1/2-1/2"]
[WhiteElo "2546"]
[BlackElo "2522"]
[Annotator "Postny,E"]
[PlyCount "74"]
[EventDate "2002.04.16"]
[EventType "tourn"]
[EventRounds "9"]
[EventCountry "RUS"]
[EventCategory "9"]
[SourceTitle "CBM 089"]
[Source "ChessBase"]
[SourceDate "2002.08.12"]
[SourceVersion "1"]
[SourceVersionDate "2002.08.12"]
[SourceQuality "1"]

1. e4 e5 2. Nf3 Nc6 3. Bb5 a6 4. Ba4 Nf6 5. O-O Nxe4 6. d4 b5 7. Bb3 d5 8. dxe5
Be6 9. Nbd2 Nc5 10. c3 Be7 {Other main lines here are: 10...Bg4, 10...d4.} 11.
Bc2 Bg4 12. Re1 ({Also playable is} 12. Qe1 {unpinning the Nf3.}) 12... O-O 13.
Nf1 ({Another popular continuation is} 13. Nb3) 13... Re8 {After the game Wang
Zili-Yusupov, 1990 this move gained great popularity. Also regularly appeares
in practice 13...d4, 13...Bh5.} 14. Bf4 {A relatively rare move in this
position. The most popular alternative here is 14.h3. Yemelin as white played
here 14.b4 against Korneev/RUS-ch 1998/CBM . 14.Ne3 - see the game Kotsur,
P-Sorokin,M/Goodricke op 2002/CBM 88 [Postny]} Bf8 (14... Qd7 15. Ne3 Be6 16.
Nd4 Nxd4 17. cxd4 $14 {0-1 Saltaev,M-Husari,S/Dubai 1996/EXT 99 (54)}) 15. h3
$146 (15. Ne3 Bxf3 16. Qxf3 Nxe5 17. Qg3 f6 18. Nf5 (18. b4 Ne4 19. Qh3 Ng6 20.
Bxc7 Qxc7 21. Nxd5 Nxf2 22. Kxf2 Qa7+ 23. Kf1 Bd6 $13 {1/2-1/2 Zapata,A-Garcia,
G/Bogota 1991/TD (69)}) 18... g6 19. h4 Qd7 20. Rad1 Nf7 21. Rxe8 Rxe8 22. Bxc7
Ne4 23. Bxe4 Rxe4 24. Ne3 d4 25. Nc2 Re2 26. Rxd4 {1/2-1/2 Stefansson,
H-Hjartarson,J/Akureyri 1997/CBM 59 ext (26)}) 15... Bh5 16. Ng3 Bg6 17. Nf5 ({
After} 17. Bxg6 $6 fxg6 18. Qd2 Ne6 {black has good play around the Pe5.})
17... Ne7 $6 (17... Ne4 18. N5h4 $14) ({Stronger is} 17... Ne6 $1 18. Bg3 Ne7 {
and black gets reasonable position.}) 18. Bg5 Ne4 19. Bxe7 Bxe7 20. Nxe7+ Qxe7
(20... Rxe7 21. Nh4 $14) 21. Qxd5 Nxc3 22. Qd2 (22. Qc6 Bxc2 23. Qxc3 Bg6 24.
Rac1 Rac8 25. Qa5 $14) 22... Na4 $6 {Quite a risky decision.} ({Safer was} 
22... Bxc2 23. Qxc2 (23. Qxc3 {- see the previous comment.}) 23... Nd5) 23.
Bxa4 ({More aggressive would be} 23. Bxg6 $16 {Now black has a tough choice -
both recaptures have it's own drawbacks.} fxg6 24. Rac1) 23... bxa4 24. Rac1
Rab8 25. Qa5 {[%csl Ra4,Ra6,Rc7] White has attacked 3! black's pawns by one
move.} (25. e6 $5 {[%cal Gf3e5]} Qd6 $1 (25... fxe6 26. Ne5) 26. Qc3 Rxe6 27.
Rxe6 Qxe6 28. Qxc7 $14) 25... Rxb2 26. Rxc7 Qb4 (26... Qa3 $6 27. e6 $1 $40)
27. Qxa6 Rb1 (27... Rxa2 $5 28. e6 $36) 28. Rxb1 $6 ({White could keep his
extra by simple} 28. Rcc1 Rxc1 29. Rxc1 Be4 30. Rc8 $16) 28... Qxb1+ 29. Kh2
Qxa2 30. Qc6 $2 {This allows black to reach a draw safely.} (30. Rc8 Qe6 {
[%tqu "En","Please enter a move for white.","","","c8a8","",5]} 31. Ra8 $1 $16
{[%csl Ra4]}) 30... Rf8 31. Rc8 Bf5 $1 32. Rxf8+ Kxf8 33. Nd4 Qxf2 34. Qc5+ (
34. Qa8+ Ke7 35. Qa7+ Ke8 $8 36. Qxa4+ Bd7 $11) 34... Kg8 35. Qe7 Qf4+ {
Now it's a perpetual.} 36. Kh1 Qf1+ 37. Kh2 Qf4+ 1/2-1/2

[Event "Interzonal-14a"]
[Site "Subotica"]
[Date "1987.??.??"]
[Round "1"]
[White "Rodriguez Cespedes, Amador"]
[Black "Xu, Jun"]
[Result "1-0"]
[WhiteElo "2495"]
[BlackElo "2495"]
[Annotator "Rodriguez,Am"]
[PlyCount "81"]
[EventDate "1987.06.??"]
[EventType "tourn"]
[EventRounds "17"]
[EventCountry "YUG"]
[EventCategory "11"]
[SourceTitle "CBM 003"]
[Source "ChessBase"]
[SourceDate "1988.04.01"]
[SourceVersion "1"]
[SourceVersionDate "1988.04.01"]
[SourceQuality "1"]

1. e4 e5 2. Nf3 Nc6 3. Bb5 a6 4. Ba4 Nf6 5. O-O Nxe4 6. d4 b5 7. Bb3 d5 8. dxe5
Be6 9. Nbd2 Nc5 10. c3 Be7 11. Bc2 Bg4 12. Re1 Qd7 13. Nf1 Bh5 (13... Rd8) 14.
Ng3 Bg6 15. h4 O-O 16. h5 Bxc2 17. Qxc2 Ne6 $5 (17... f5) 18. Be3 Rfe8 19. Rad1
h6 20. Nf5 $36 Bg5 $6 (20... Bf8 21. Nh2 $1 {/\ Ng4, Bh6} Ng5 (21... Nxe5 22.
Bxh6 {/\ f4->}) 22. Bxg5 hxg5 23. Ng4 $16) 21. Qd2 $1 $16 Bxe3 (21... Rad8 22.
Nxg5 $1 $16 (22. Bxg5 Nxg5 $1 $10)) 22. Nxe3 {>< d5} Nf4 23. Nxd5 Nxh5 24. Qc2
Qg4 $8 (24... Qc8 25. Qe4 {/\ Qh4+-}) 25. Nh2 (25. Qe4 Qxe4 26. Rxe4 Rad8 {
/\ Rd7 <-> d}) (25. Re4 $16) 25... Qc8 26. g4 Nxe5 27. gxh5 Nf3+ $1 28. Nxf3
Qg4+ 29. Kh2 Qxf3 30. Re3 $1 Qxh5+ 31. Kg2 c6 32. Rh3 $8 Qe5 33. Ne3 Rad8 34.
Rg3 (34. Rh4 $16) 34... g6 35. Qb3 $5 {/\ 36.Rg6, 36.Qb4-h4-> >>} Qe4+ $6 36.
Rf3 $1 $18 Qe7 $8 37. Ng4 Kg7 (37... Rxd1 38. Nxh6+) 38. Nf6 Rf8 39. Rd4 $1 {
/\ Re4, Rdf4} Rd6 $2 (39... Rxd4 40. cxd4 {/\ 41.Qc3, 41.Qe3+-}) 40. Rxd6 Qxd6
41. Ne8+ 1-0